| 000 | 00712nam a22001937a 4500 | ||
|---|---|---|---|
| 005 | 20180108152853.0 | ||
| 010 | _a1718EN-30 | ||
| 020 |
_a9789385724183 _c250.00 |
||
| 035 | _aB-683057-3058 | ||
| 037 |
_bAakar _adpl |
||
| 082 | _a302 | ||
| 100 | _aShenoy, Preeti | ||
| 245 |
_aWhy we love the way we do / _cby Preeti Shenoy |
||
| 260 |
_aNew Delhi _bWestlnd _c2015 |
||
| 270 |
_a93, I Floor, Sham Lal Road, Daryaganj, _bNew Delhi _e110002 |
||
| 300 | v |
_axv,262p. _c19cm(pbk) |
|
| 942 |
_2ddc _cEN _mSHE _h302 |
||
| 999 |
_c145382 _d145382 |
||